000 00587nam a2200217 a 4500
008
020 _a0412285606 (pbk.)
049 _aMAIN
090 _aQA276.A2
100 1 _aRees, D. G.
245 1 0 _aFoundations of statistics /
_cD. G. Rees.
260 _aLondon :
_bChapman and Hall,
_c1987.
300 _axiv, 543 p. ;
_c24 cm.
500 _aIncludes index.
650 0 _aMathematical statistics.
907 _a.b10040456
_b21-10-03
_c17-04-03
003
005 20230123133442.0
040 _cNUST
942 _cBOOKS
_kQA276.A2
999 _c148821
_d148821